| 000 | 01147nac a22002891u 4500 | ||
|---|---|---|---|
| 010 | _a 93048793 | ||
| 020 | _a0256122407 | ||
| 082 | 0 | 0 |
_a658.8 _bENG |
| 090 |
_c5990 _d5990 |
||
| 100 | _aEngel, James F. | ||
| 245 | 1 | 0 |
_aPromotional strategy : _bmanaging the marketing communications process / _cJames F. Engel, Martin R. Warshaw, Thomas C. Kinnear. |
| 250 | _a8th ed. | ||
| 260 |
_aBurr Ridge, Ill. : _bIrwin, c1994. _cc1994. |
||
| 300 |
_axv, 624 p. : _bill. (some col.) ; _c24 cm. |
||
| 440 | 4 | _aThe Irwin series in marketing | |
| 500 | _aDistributer: Al-Ahram. | ||
| 504 | _aIncludes bibliographical references and index. | ||
| 511 | _aCatalogued By: Mahitab. | ||
| 650 | 0 | _aMarketing. | |
| 650 | 0 | _aAdvertising. | |
| 650 | 0 |
_aMarketing _xManagement. |
|
| 700 | 1 | _aWarshaw, Martin R. | |
| 700 | 1 |
_aKinnear, Thomas C., _d1943- |
|
| 942 |
_cBB _k658.8ENG |
||
| 999 |
_c5990 _d5990 |
||